000 00546nam a2200181 i 4500
001 87851
003 ES-MaACL
005 20230906175743.0
007 t|
008 041223s1930 sp ||||1| spa d
100 1 _aKybal, Vlastimil.
_969099
245 1 0 _aTomás G. Masaryk /
_cVlastimil Kybal.
260 _aMadrid :
_b[s.n.],
_c1930 (
_fCompañía General de Artes Gráficas)
300 _a60 p., 7 fotos ;
_c18 cm.
600 0 4 _aMasaryk, Tomás Garrigue.
_978671
651 4 _aChecoslovaquia-
_xHistoria.
_98035
852 _aES-MaACL
_j1747-F-2
999 _c87851
_d87851